[Event "HUN-chT Youth 2019"]
[Site "Budapest"]
[Date "2019.10.29"]
[Round "6.1"]
[White "Thierry, Edvard"]
[Black "Konyves, Almos"]
[Result "0-1"]
[WhiteElo "1507"]
[BlackElo "2006"]
[Annotator "NA"]
[PlyCount "122"]
[EventDate "2019.10.26"]
[EventType "team-tourn"]
[EventCountry "HUN"]
[SourceTitle "playchess.com"]
[Source "ChessBase"]
[SourceQuality "1"]
[TimeControl "5400+30"]

1. e4 {[%emt 0:00:00]} c5 {[%emt 0:00:00]} 2. Nf3 {[%emt 0:00:00]} Nc6 {[%emt 0:00:00]} 3. d4 {[%emt 0:00:00]} cxd4 {[%emt 0:00:00]} 4. Nxd4 {[%emt 0:00:00]} Nf6 {[%emt 0:00:02]} 5. Nc3 {[%emt 0:00:00]} d6 {[%emt 0:00:10]} 6. Bg5 {[%emt 0:02:02]} e6 {[%emt 0:00:07]} 7. f4 {[%emt 0:01:09]} h6 {[%emt 0:00:07] B62: Sicilian: Richter-Rauzer: 6...e6: Unusual White 7th moves} 8. Bh4 {[%emt 0:00:06]} Be7 {[%emt 0:00:53]} 9. Bg3 {[%emt 0:01:13]} Qa5 $146 {[%emt 0:06:54]} ({Predecessor:} 9... O-O 10. Nb3 a6 11. Qf3 e5 12. f5 Nd4 13. Qd3 d5 14. Bxe5 Nxb3 15. axb3 dxe4 {½-½ (63) Cuenca Jimenez,J (2408)-Kurnosov,I (2579) Evora 2007}) 10. Nb3 {[%emt 0:02:06]} Qc7 {[%emt 0:02:30]} 11. Be2 {[%emt 0:03:55]} a6 {[%emt 0:00:54]} 12. Bf3 {[%emt 0:01:46]} O-O {[%emt 0:01:29]} 13. O-O {[%emt 0:00:39]} b5 {[%emt 0:09:23]} 14. Kh1 {[%emt 0:02:45]} Bb7 {[%emt 0:02:57]} 15. a3 Rac8 {[%emt 0:02:14]} 16. Nd4 {[%emt 0:11:26]} Na5 {[%emt 0:02:54]} 17. Be1 {[%emt 0:07:07]} Nc4 {[%emt 0:01:12]} 18. Qc1 {[%emt 0:00:15]} Rfd8 {[%emt 0:01:44]} 19. b3 {[%emt 0:01:20]} Nb6 {[%emt 0:00:24]} 20. Ra2 {[%emt 0:06:10]} Nfd7 {[%emt 0:08:32]} 21. Nce2 Nc5 {[%emt 0:00:28]} 22. Ng3 {[%emt 0:05:28]} Bf6 23. Bf2 {[%emt 0:02:47]} Bxd4 {[%emt 0:01:08]} 24. Bxd4 {[%emt 0:04:14]} Nxb3 {[%emt 0:00:12]} 25. Qb2 {[%emt 0:01:42]} Nxd4 {[%emt 0:00:09]} 26. Qxd4 {[%emt 0:00:40]} Qc5 {[%emt 0:00:45]} 27. Qd2 {[%emt 0:00:40]} Nc4 28. Qd3 {[%emt 0:00:12]} Qe3 {[%emt 0:01:27]} 29. Qd1 d5 {[%emt 0:04:05]} 30. exd5 {[%emt 0:00:56]} Bxd5 {[%emt 0:00:07]} 31. Bxd5 {[%emt 0:00:27]} Rxd5 {[%emt 0:00:10]} 32. Qa1 {[%emt 0:01:54]} Qd4 {[%emt 0:01:03]} 33. Qc1 {[%emt 0:02:47]} Qd2 {[%emt 0:02:41]} 34. Qa1 {[%emt 0:00:18]} Ne3 {[%emt 0:01:49]} 35. c4 {[%emt 0:01:05]} Nxf1 {[%emt 0:02:16]} 36. Rxd2 {[%emt 0:00:40]} Nxd2 {[%emt 0:00:08]} 37. cxd5 {[%emt 0:01:37]} Nb3 {[%emt 0:00:10]} 38. Qg1 {[%emt 0:00:05]} Rc1 {[%emt 0:00:09]} 39. Nf1 {[%emt 0:00:10]} exd5 {[%emt 0:06:49]} 40. h3 {[%emt 0:02:02]} d4 {[%emt 0:00:20]} 41. Kh2 {[%emt 0:00:25]} Rc2 $2 {[%emt 0:02:11]} (41... Nd2 42. Nxd2 {[%mdl 64] Discovered Attack} Rxg1 43. Kxg1 Kf8) 42. Ng3 {[%emt 0:09:14]} Nd2 {[%emt 0:05:05]} 43. Qd1 {[%emt 0:01:10]} d3 $18 {[%emt 0:00:30]} 44. Nf1 {[%emt 0:04:07]} Nxf1+ {[%emt 0:02:07]} 45. Qxf1 {[%emt 0:00:07]} d2 {[%emt 0:03:01]} 46. Qe2 {[%emt 0:02:37]} Rb2 {[%emt 0:00:32]} 47. h4 {[%emt 0:03:49]} a5 {[%emt 0:01:16]} 48. h5 {[%emt 0:03:54]} a4 {[%emt 0:01:38]} 49. Kh3 {[%emt 0:11:45]} b4 {[%emt 0:01:42]} 50. Qe8+ {[%emt 0:00:35]} Kh7 {[%emt 0:00:11]} 51. Qxa4 {[%emt 0:00:36]} Ra2 {[%emt 0:02:31]} 52. Qd1 {[%emt 0:02:20]} Rxa3+ {[%emt 0:01:15]} 53. Kh2 {[%emt 0:00:33]} Rd3 {[%emt 0:00:15]} 54. Qe2 {[%emt 0:02:36]} Rd4 {[%emt 0:01:11]} 55. Qd1 {[%emt 0:00:29]} b3 {[%emt 0:01:28]} 56. Kh3 {[%emt 0:01:45]} Kg8 {[%emt 0:00:39]} 57. g3 {[%emt 0:01:31]} b2 {[%emt 0:00:21]} 58. Qe2 {[%emt 0:00:16]} Rd8 {[%emt 0:00:14]} 59. Qd1 {[%emt 0:00:50]} b1=Q {[%emt 0:00:15]} 60. Qxb1 {[%emt 0:00:03]} d1=Q {[%emt 0:00:08]} 61. Qf5 {[%emt 0:00:07]} Qd7 {[%emt 0:00:10]} 0-1

[Event "HUN-chT Youth 2019"]
[Site "Budapest"]
[Date "2019.10.29"]
[Round "6.2"]
[White "Leszko, Bence"]
[Black "Pasztor, Balazs"]
[Result "*"]
[WhiteElo "2201"]
[BlackElo "2152"]
[Annotator "TA"]
[PlyCount "39"]
[EventDate "2019.10.26"]
[EventType "team-tourn"]
[EventCountry "HUN"]
[SourceTitle "playchess.com"]
[Source "ChessBase"]
[SourceQuality "1"]

{[%evp 9,13,4,20,10,5,10]} 1. Nf3 d5 2. e3 Nf6 3. c4 e6 4. Nc3 c5 5. cxd5 Nxd5 6. Qc2 {A17: English Opening: 1...Nf6 with ...Bb4} (6. Nxd5 exd5 7. b4 c4 8. Bb2 Bxb4 9. Bxg7 Rg8 10. Be5 Nc6 11. Bg3 c3 12. a3 cxd2+ 13. Nxd2 Bc3 {1-0 (72) Artemiev,V (2736)-Paravyan,D (2627) Skopje 2019}) 6... Nc6 7. a3 {Predecessor:} Nxc3 $146 8. bxc3 Be7 9. d4 O-O 10. Bd3 h6 11. O-O b6 12. Rd1 Qc7 13. e4 Na5 14. Qa2 Bb7 15. Be3 Rac8 16. Qe2 Rfd8 17. h4 Bf6 18. e5 Be7 19. Nd2 cxd4 20. cxd4 {1-0 (69) Yang,K (2477)-Zuo,Y (2262) Novi Sad 2019} *

[Event "HUN-chT Youth 2019"]
[Site "Budapest"]
[Date "2019.10.29"]
[Round "6.2"]
[White "Leszko, Bence"]
[Black "Pasztor, Balazs"]
[Result "1/2-1/2"]
[WhiteElo "2201"]
[BlackElo "2152"]
[Annotator "RC"]
[PlyCount "129"]
[EventDate "2019.10.26"]
[EventType "team-tourn"]
[EventCountry "HUN"]
[SourceTitle "playchess.com"]
[Source "ChessBase"]
[SourceQuality "1"]
[TimeControl "5400+30"]

1. Nf3 {[%emt 0:00:00]} d5 {[%emt 0:00:00]} 2. e3 {[%emt 0:00:00]} Nf6 {[%emt 0:00:46]} 3. c4 {[%emt 0:00:00]} e6 {[%emt 0:03:45]} 4. Nc3 {[%emt 0:00:00]} c5 {[%emt 0:02:59]} 5. cxd5 {[%emt 0:00:01]} Nxd5 {[%emt 0:03:17]} 6. Qc2 {[%emt 0:04:56]} Nc6 {[%emt 0:05:48]} 7. a3 {[%emt 0:00:10]} Nxc3 {[%emt 0:07:26]} 8. Qxc3 {[%emt 0:02:51]} Qa5 {[%emt 0:05:19]} 9. Qc2 {[%emt 0:02:13]} Be7 {[%emt 0:02:01]} 10. Be2 {[%emt 0:00:48]} O-O {[%emt 0:02:29]} 11. O-O {[%emt 0:00:11]} Bf6 {[%emt 0:03:17]} 12. d3 {[%emt 0:01:22]} Qb6 {[%emt 0:03:20]} 13. Rb1 {[%emt 0:01:19]} Bd7 {[%emt 0:02:16]} 14. Bd2 {[%emt 0:00:08]} Rac8 {[%emt 0:03:14]} 15. Bc3 {[%emt 0:00:34]} e5 {[%emt 0:05:02]} 16. Nd2 {[%emt 0:02:41]} Be6 {[%emt 0:04:31]} 17. Nc4 {[%emt 0:02:17]} Qc7 {[%emt 0:01:46]} 18. Bf3 {[%emt 0:02:10]} b5 {[%emt 0:05:38]} 19. Bxc6 {[%emt 0:00:39]} bxc4 {[%emt 0:01:33]} 20. Bb5 {[%emt 0:01:06]} cxd3 {[%emt 0:00:50]} 21. Bxd3 {[%emt 0:00:02]} g6 {[%emt 0:03:30]} 22. Rbc1 {[%emt 0:05:49]} Qb6 {[%emt 0:02:56]} 23. Qe2 {[%emt 0:01:10]} c4 {[%emt 0:04:10]} 24. Be4 {[%emt 0:01:22]} Bg7 {[%emt 0:01:37]} 25. Rfd1 {[%emt 0:01:08]} Rfd8 {[%emt 0:03:26]} 26. Rxd8+ {[%emt 0:00:59]} Rxd8 {[%emt 0:00:36]} 27. Rd1 {[%emt 0:00:59]} f5 {[%emt 0:03:57]} 28. Bc2 {[%emt 0:00:39]} e4 {[%emt 0:01:25]} 29. Rxd8+ {[%emt 0:02:31]} Qxd8 {[%emt 0:00:10]} 30. Bxg7 {[%emt 0:00:04]} Kxg7 {[%emt 0:00:12]} 31. Qd1 {[%emt 0:02:23]} Qxd1+ {[%emt 0:01:39]} 32. Bxd1 {[%emt 0:00:01]} Kf6 {[%emt 0:02:11]} 33. Kf1 {[%emt 0:00:16]} Ke5 {[%emt 0:00:59]} 34. g3 {[%emt 0:00:49]} a5 {[%emt 0:02:47]} 35. Ke1 {[%emt 0:03:46]} Bd7 {[%emt 0:05:20]} 36. Kd2 {[%emt 0:00:27]} Kd5 {[%emt 0:00:45]} 37. Kc3 {[%emt 0:01:01]} Kc5 {[%emt 0:00:57]} 38. Be2 {[%emt 0:01:05]} Be6 {[%emt 0:00:43]} 39. h4 {[%emt 0:01:47]} h6 {[%emt 0:02:04]} 40. Bd1 {[%emt 0:00:21]} Bd7 {[%emt 0:00:57]} 41. Bc2 {[%emt 0:00:08]} g5 {[%emt 0:01:18]} 42. hxg5 {[%emt 0:00:20]} hxg5 {[%emt 0:00:06]} 43. g4 {[%emt 0:00:43]} Be6 {[%emt 0:03:26]} 44. gxf5 {[%emt 0:01:02]} Bxf5 {[%emt 0:00:06]} 45. Bd1 {[%emt 0:00:35]} Bd7 {[%emt 0:00:32]} 46. Bh5 {[%emt 0:00:38]} Be6 {[%emt 0:00:39]} 47. Bg6 {[%emt 0:00:26]} Kd5 {[%emt 0:00:56]} 48. Bh7 {[%emt 0:00:21]} Ke5 {[%emt 0:00:30]} 49. Bg6 {[%emt 0:00:17]} Kd5 {[%emt 0:00:06]} 50. Bh5 {[%emt 0:01:17]} Kc5 {[%emt 0:00:26]} 51. Be8 {[%emt 0:00:00]} Kd5 {[%emt 0:00:46]} 52. Bg6 {[%emt 0:06:01]} Ke5 {[%emt 0:00:30]} 53. Bh5 {[%emt 0:00:06]} Kd5 {[%emt 0:00:27]} 54. Be2 {[%emt 0:00:23]} Kc5 {[%emt 0:00:07]} 55. Bd1 {[%emt 0:00:02]} Bf7 {[%emt 0:00:56]} 56. Bc2 {[%emt 0:00:12]} Bd5 {[%emt 0:00:42]} 57. Bb1 {[%emt 0:00:23]} Bc6 {[%emt 0:00:22]} 58. Bc2 {[%emt 0:00:30]} Bd5 {[%emt 0:00:08]} 59. Ba4 {[%emt 0:01:32]} Be6 {[%emt 0:00:27]} 60. Be8 {[%emt 0:00:17]} Kd5 {[%emt 0:00:30]} 61. Bh5 {[%emt 0:00:00]} Kc5 {[%emt 0:00:23]} 62. Bg6 {[%emt 0:00:54]} Kd5 {[%emt 0:00:11]} 63. b4 {[%emt 0:05:24]} cxb3 {[%emt 0:00:40]} 64. Kxb3 {[%emt 0:00:01]} Bd7 {[%emt 0:00:29]} 65. Kc3 {[%emt 0:01:29]} 1/2-1/2

[Event "HUN-chT Youth 2019"]
[Site "Budapest"]
[Date "2019.10.29"]
[Round "6.2"]
[White "Bodrogi, Bendeguz"]
[Black "Szuhorukov, Marcell"]
[Result "1-0"]
[WhiteElo "1903"]
[BlackElo "1384"]
[Annotator "NA RC"]
[PlyCount "74"]
[EventDate "2019.10.26"]
[EventType "team-tourn"]
[EventCountry "HUN"]
[SourceTitle "playchess.com"]
[Source "ChessBase"]
[SourceQuality "1"]
[TimeControl "5400+30"]

1. c4 {[%emt 0:00:00]} Nf6 {[%emt 0:00:48]} 2. Nc3 {[%emt 0:01:26]} g6 {[%emt 0:00:29]} 3. e4 {[%emt 0:01:15]} d6 {[%emt 0:00:10]} 4. d4 {[%emt 0:00:33]} Bg7 {[%emt 0:00:12]} 5. g3 {[%emt 0:00:47]} O-O {[%emt 0:00:13]} 6. Bg2 {[%emt 0:00:32]} Nbd7 {[%emt 0:00:51]} 7. Nge2 {[%emt 0:00:58]} e5 {[%emt 0:01:01]} 8. O-O {[%emt 0:00:47]} exd4 {[%emt 0:00:25]} 9. Nxd4 {[%emt 0:00:43]} Ne5 {[%emt 0:00:28]} 10. b3 {[%emt 0:02:13]} Ned7 {[%emt 0:00:54]} 11. Bb2 {[%emt 0:01:06]} Re8 {[%emt 0:11:14]} 12. Re1 {[%emt 0:02:41]} Nc5 {[%emt 0:00:44]} 13. Qc2 {[%emt 0:05:12]} Nfd7 {[%emt 0:08:56]} 14. Rad1 {[%emt 0:01:01]} a5 {[%emt 0:03:56]} 15. Ncb5 {[%emt 0:13:57]} h5 {[%emt 0:07:09]} 16. a3 {[%emt 0:01:58]} h4 {[%emt 0:02:47]} 17. b4 {[%emt 0:00:36]} axb4 {[%emt 0:00:33]} 18. axb4 {[%emt 0:00:02]} Na6 {[%emt 0:04:17]} 19. Qb3 {[%emt 0:00:35]} Ne5 {[%emt 0:06:23]} 20. Nf3 {[%emt 0:16:23]} Nxf3+ {[%emt 0:04:00]} 21. Bxf3 {[%emt 0:00:20]} hxg3 {[%emt 0:06:50]} 22. hxg3 {[%emt 0:00:30]} Bxb2 {[%emt 0:00:48]} 23. Qxb2 {[%emt 0:00:10]} Be6 {[%emt 0:00:33]} 24. Qc3 {[%emt 0:02:44]} Qg5 {[%emt 0:03:48]} 25. e5 {[%emt 0:03:04]} Bg4 {[%emt 0:02:58]} 26. Bxg4 {[%emt 0:02:17]} Qxg4 {[%emt 0:02:05]} 27. exd6 {[%emt 0:01:13]} Rad8 {[%emt 0:04:24]} 28. Rxe8+ {[%emt 0:02:45]} Rxe8 {[%emt 0:00:18]} 29. Rd4 {[%emt 0:00:05]} Qf5 {[%emt 0:01:46]} 30. dxc7 {[%emt 0:04:12]} Qb1+ {[%emt 0:07:26]} 31. Kg2 {[%emt 0:01:10]} Kf8 {[%emt 0:01:04]} 32. Rf4 {[%emt 0:02:09]} Nxb4 {[%emt 0:01:44]} 33. Qh8+ {[%emt 0:00:29]} Ke7 {[%emt 0:00:13]} 34. Qxe8+ {[%emt 0:00:14]} Kxe8 {[%emt 0:01:08]} 35. c8=Q+ {[%emt 0:00:18]} Ke7 {[%emt 0:00:08]} 36. Qc7+ {[%emt 0:00:23]} Ke6 {[%emt 0:00:30]} 37. Qxf7+ {[%emt 0:00:17]} Ke5 {[%emt 0:00:11]} 1-0

[Event "HUN-chT Youth 2019"]
[Site "Budapest"]
[Date "2019.10.29"]
[Round "6.3"]
[White "Dibusz, Domonkos"]
[Black "Tapodi, Norman Lajos"]
[Result "1-0"]
[WhiteElo "2088"]
[BlackElo "2102"]
[Annotator "TA"]
[PlyCount "67"]
[EventDate "2019.10.26"]
[EventType "team-tourn"]
[EventCountry "HUN"]
[SourceTitle "playchess.com"]
[Source "ChessBase"]
[SourceQuality "1"]

{[%evp 10,67,26,0,0,5,41,31,33,32,33,26,27,27,31,0,14,-37,-37,-50,-52,-58,-30,-52,-21,-20,-19,-24,31,22,59,-33,-26,-54,-45,-41,-58,-91,-87,-87,-78,-86,-71,-76,-40,-55,-24,-19,0,-57,-56,-50,0,10,889,889,889,882,841,824]} 1. e4 c5 2. Nf3 d6 3. d4 cxd4 4. Nxd4 Nf6 5. Nc3 a6 6. Qf3 e5 {B90: Sicilian Najdorf: Unusual White 6th moves, 6 Be3 Ng4 and 6 Be3 e5} 7. Nf5 h6 $146 ({Predecessor:} 7... Be6 8. Bg5 Nbd7 9. O-O-O Qc7 10. g4 Rc8 11. Kb1 Qa5 12. Nd5 Qa4 13. Bd3 Bxd5 14. exd5 Qxg4 {0-1 (33) Pichot,A (2544)-Adly,A (2599) Doha 2016}) 8. Bd3 Be6 {White is slightly better.} 9. O-O g6 10. Ne3 Bg7 11. Qd1 Qc7 12. Kh1 O-O 13. f4 (13. a4 $11) 13... exf4 $1 $15 14. Rxf4 Nbd7 15. Qf1 b5 16. a3 Qc5 17. Bd2 Rad8 18. Rd1 Kh8 (18... Rb8 $11) 19. b4 $14 Qc6 {[#] And now ...Nh5 would win.} 20. Ne2 (20. Ned5 $14 Nh5 21. Rf2) 20... g5 $36 {[%mdl 2048] Black has good play.} 21. Rf2 ({Reject} 21. Nd4 Qb6 $17) 21... Nxe4 22. Bxe4 Qxe4 23. Ng3 Qg6 24. Ngf5 Be5 25. Ng4 Bxf5 26. Rxf5 f6 27. Qd3 Nb6 28. Rdf1 $1 Kg7 29. Qf3 ({Better is} 29. Bc3 $11) 29... Nc4 30. Bc3 h5 (30... Rf7 $15) 31. Nxf6 $11 {[%mdl 64] [#] X-Ray Attack} Rxf6 $4 {[%mdl 8192]} (31... g4 $11 32. Qd3 (32. Nxh5+ Qxh5 33. Qb7+ {[%mdl 64] Double Attack} Kg8 $11) 32... Rxf6 33. Rxf6 Qxd3 34. cxd3 Ne3 35. Rxd6 (35. Bxe5 dxe5 36. Rf7+ Kg8 $11) 35... Bxc3 36. Rxd8 Nxf1) 32. Rxf6 $18 {White is clearly winning.} Qxf6 33. Qxf6+ Bxf6 34. Bxf6+ {Accuracy: White = 42%, Black = 45%.} 1-0

[Event "HUN-chT Youth 2019"]
[Site "Budapest"]
[Date "2019.10.28"]
[Round "6.3"]
[White "Meszaros, Jazmin"]
[Black "Onodi, Miklos"]
[Result "*"]
[WhiteElo "1171"]
[BlackElo "1548"]
[Annotator "NA RC"]
[PlyCount "37"]
[EventDate "2019.10.26"]
[EventType "team-tourn"]
[EventCountry "HUN"]
[SourceTitle "playchess.com"]
[Source "ChessBase"]
[SourceQuality "1"]
[TimeControl "5400+30"]

1. e4 {[%emt 0:00:00]} c5 {[%emt 0:00:16]} 2. d4 {[%emt 0:00:12]} cxd4 {[%emt 0:00:10]} 3. Qxd4 {[%emt 0:00:49]} Nc6 {[%emt 0:00:16]} 4. Qd1 {[%emt 0:00:21]} g6 {[%emt 0:01:05]} 5. Nf3 {[%emt 0:00:31]} Bg7 {[%emt 0:00:12]} 6. Be2 {[%emt 0:00:34]} Nf6 {[%emt 0:00:27]} 7. O-O {[%emt 0:00:21]} Nxe4 {[%emt 0:00:30]} 8. Bd3 {[%emt 0:00:55]} Nf6 {[%emt 0:00:50]} 9. Bg5 {[%emt 0:00:58]} O-O {[%emt 0:01:29]} 10. Bxf6 {[%emt 0:00:16]} Bxf6 {[%emt 0:00:10]} 11. Qd2 {[%emt 0:01:55]} Bxb2 {[%emt 0:01:31]} 12. Qh6 {[%emt 0:00:29]} Bg7 {[%emt 0:00:34]} 13. Qh3 {[%emt 0:00:49]} d5 {[%emt 0:00:09]} 14. Qh4 {[%emt 0:01:17]} e6 {[%emt 0:01:36]} 15. Qxd8 {[%emt 0:00:12]} Rxd8 {[%emt 0:00:07]} 16. Nc3 {[%emt 0:00:27]} Bxc3 {[%emt 0:00:08]} 17. Rad1 {[%emt 0:00:19]} e5 {[%emt 0:00:40]} 18. Be2 {[%emt 0:02:25]} Nd4 {[%emt 0:01:09]} 19. Nxd4 {[%emt 0:01:27]} *

[Event "HUN-chT Youth 2019"]
[Site "Budapest"]
[Date "2019.10.29"]
[Round "6.4"]
[White "Daroczi, Donat"]
[Black "Kovacs, Gabor Etele"]
[Result "1-0"]
[WhiteElo "1976"]
[BlackElo "2053"]
[Annotator "NA RC"]
[PlyCount "79"]
[EventDate "2019.10.26"]
[EventType "team-tourn"]
[EventCountry "HUN"]
[SourceTitle "playchess.com"]
[Source "ChessBase"]
[SourceQuality "1"]
[TimeControl "5400+30"]

{[%evp 34,79,79,73,69,55,110,-7,8,0,113,9,46,-37,-18,-118,-27,-8,-13,-358,0,-288,-208,-206,0,0,0,-508,-548,-551,-546,-579,-589,-602,-550,-564,-585,-878,-44,-37,-25,-25,50,55,29996,29997,29997,29998]} 1. e4 {[%emt 0:00:00]} Nf6 {[%emt 0:00:00]} 2. e5 {[%emt 0:00:00]} Nd5 {[%emt 0:00:00]} 3. d4 {[%emt 0:00:00]} d6 {[%emt 0:00:21]} 4. c4 {[%emt 0:00:00]} Nb6 {[%emt 0:00:05]} 5. exd6 {[%emt 0:00:00]} cxd6 {[%emt 0:00:26]} 6. Nc3 {[%emt 0:00:00]} g6 {[%emt 0:00:16]} 7. Be3 {[%emt 0:00:02]} Bg7 {[%emt 0:00:17]} 8. Rc1 {[%emt 0:00:07]} O-O {[%emt 0:00:55]} 9. b3 {[%emt 0:00:01]} Bf5 {[%emt 0:00:18]} 10. Bd3 {[%emt 0:00:05] B03: Alekhine's Defence: Four Pawns Attack} (10. Be2 d5 11. c5 Nc8 12. Bf3 e6 13. g4 Be4 14. Nxe4 dxe4 15. Bxe4 Nc6 16. Ne2 N8e7 17. O-O Qd7 {1-0 (34) Corrales Jimenez,F (2559)-Zhao,J (2610) chess.com INT 2019}) 10... Bxd3 {[%emt 0:06:26]} 11. Qxd3 {[%emt 0:00:01]} e5 {[%emt 0:02:34]} 12. Nge2 {[%emt 0:13:00]} Nc6 {[%emt 0:08:02]} 13. O-O {[%emt 0:07:01]} f5 $146 {[%emt 0:09:57]} ({Predecessor:} 13... Qe7 14. d5 Nb4 15. Qb1 f5 16. f3 a5 17. Bxb6 {1-0 (17) Sherwood,R (1655)-Bossi,N (1418) LSS email 2010}) 14. dxe5 {[%emt 0:14:02]} dxe5 {[%emt 0:00:44]} 15. Qb1 {[%emt 0:08:07]} Nd4 {[%emt 0:13:53]} 16. Bxd4 {[%emt 0:09:31]} exd4 {[%emt 0:00:07]} 17. Rfd1 {[%emt 0:00:22]} Qh4 {[%emt 0:18:11] [#]} 18. Nb5 $1 {[%emt 0:03:16]} Rad8 {[%emt 0:04:32]} 19. c5 {[%emt 0:07:56]} Nc8 {[%emt 0:22:39]} (19... a6 $14) 20. Rc4 {[%emt 0:02:24]} ({White should play} 20. Qc2 $16) 20... Rd7 {[%emt 0:02:24]} 21. g3 {[%emt 0:13:54]} ({Much weaker is} 21. Nexd4 Rfd8 $15) 21... Qe7 {[%emt 0:01:19]} (21... Qe4 $11 22. Qxe4 (22. Nexd4 Qxb1 23. Rxb1 a6 $15) (22. Nbxd4 Rfd8 $15) 22... fxe4) 22. Qd3 {[%emt 0:01:47]} ({Of course not} 22. Nexd4 a6 $11) (22. Nbxd4 $16 Re8 23. Qc2) 22... Rfd8 {[%emt 0:00:36]} 23. b4 {[%emt 0:02:39]} ({Of course not} 23. Nbxd4 b5 $15) ({White should try} 23. c6 $14 bxc6 24. Rxc6) 23... a6 {[%emt 0:00:32]} 24. Nbxd4 {[%emt 0:06:39]} (24. Na3 $11) 24... Na7 {[%emt 0:00:09]} 25. Qe3 {[%emt 0:03:10]} Nc6 {[%emt 0:01:50]} 26. Kf1 $2 {[%emt 0:01:40]} (26. Re1 $1 $11) 26... Qf6 $2 {[%emt 0:02:37]} (26... Qf7 $19 27. Qc3 Rxd4 28. Rdxd4 Nxd4 29. Rxd4 Bxd4 30. Nxd4 Qxa2) 27. Kg2 $2 {[%emt 0:00:56]} ({Wrong is} 27. Qb3 $2 Qf7 $19) (27. Rd2 $1 $11) 27... Nxd4 {[%emt 0:01:03]} 28. Nxd4 {[%emt 0:00:38]} Rxd4 $2 {[%emt 0:00:25]} (28... f4 $19 29. Qb3 Qf7) 29. Rcxd4 {[%emt 0:00:28]} Rxd4 {[%emt 0:00:02]} 30. Re1 $2 {[%emt 0:03:13]} (30. Rxd4 $11 Qxd4 31. Qe6+ Kf8 32. Qc8+ {[%mdl 64] Double Attack} Kf7 33. Qxb7+ Kg8 34. Qxa6) 30... Qc6+ {[%emt 0:00:50]} 31. Kg1 {[%emt 0:00:01]} Rxb4 32. Rd1 {[#]} Bd4 $1 {[%emt 0:01:53] Back Rank} 33. Qe7 {[%emt 0:01:35]} Qxc5 {[%emt 0:00:48]} 34. Qd8+ {[%emt 0:00:17]} Kg7 {[%emt 0:00:27]} 35. Rd2 {[%emt 0:00:48] [#]} Rb1+ $2 {[%emt 0:01:49]} (35... Bxf2+ $1 $19 36. Kg2 (36. Rxf2 Rb2) 36... Rd4 37. Rxd4 Bxd4) 36. Kg2 {[%emt 0:00:01]} Qc6+ {[%emt 0:00:33]} 37. Kh3 $1 {[%emt 0:00:03]} Bf6 {[%emt 0:00:50]} (37... Re1 $15) 38. Rd7+ {[%emt 0:00:01] [#]} Kh6 $2 {[%emt 0:00:13]} (38... Qxd7 $1 $14 39. Qxd7+ Kg8) 39. Qf8+ {[%emt 0:00:10]} Bg7 {[%emt 0:00:45]} 40. Qxg7+ {[%emt 0:00:09] Double Attack} 1-0

[Event "HUN-chT Youth 2019"]
[Site "Budapest"]
[Date "2019.10.29"]
[Round "6.4"]
[White "Kerekes, Laszlo Fulop"]
[Black "Szuhorukov, Viktor"]
[Result "1-0"]
[WhiteElo "1369"]
[BlackElo "1213"]
[Annotator "NA RC"]
[PlyCount "59"]
[EventDate "2019.10.26"]
[EventType "team-tourn"]
[EventCountry "HUN"]
[SourceTitle "playchess.com"]
[Source "ChessBase"]
[SourceQuality "1"]
[TimeControl "5400+30"]

1. e4 {[%emt 0:00:00]} e6 {[%emt 0:00:53]} 2. d3 {[%emt 0:00:07]} d5 {[%emt 0:00:09]} 3. Nd2 {[%emt 0:00:56]} c5 {[%emt 0:01:12]} 4. Ngf3 {[%emt 0:02:41]} Nc6 {[%emt 0:00:25]} 5. g3 {[%emt 0:01:32]} Nf6 {[%emt 0:01:19]} 6. Bg2 {[%emt 0:01:25]} Be7 {[%emt 0:01:22]} 7. O-O {[%emt 0:00:55]} O-O {[%emt 0:01:37]} 8. e5 {[%emt 0:01:40]} Nd7 {[%emt 0:00:20]} 9. Re1 {[%emt 0:00:42]} Qc7 {[%emt 0:00:50]} 10. Qe2 {[%emt 0:00:44]} Rd8 {[%emt 0:05:47]} 11. Nf1 {[%emt 0:05:34]} b6 {[%emt 0:02:58]} 12. h4 {[%emt 0:02:23]} h6 {[%emt 0:03:21]} 13. N1h2 {[%emt 0:02:17]} d4 {[%emt 0:00:44]} 14. h5 {[%emt 0:02:51]} Bb7 {[%emt 0:01:40]} 15. Ng4 {[%emt 0:01:51]} a5 {[%emt 0:06:56]} 16. Nh4 {[%emt 0:21:16]} Bxh4 {[%emt 0:03:03]} 17. gxh4 {[%emt 0:01:18]} Rab8 {[%emt 0:03:29]} 18. Nxh6+ {[%emt 0:06:51]} gxh6 {[%emt 0:09:18]} 19. Qg4+ {[%emt 0:01:43]} Kh8 {[%emt 0:08:29]} 20. Qf4 {[%emt 0:05:10]} Ncxe5 {[%emt 0:07:23]} 21. Qxh6+ {[%emt 0:04:31]} Kg8 {[%emt 0:00:38]} 22. Qg5+ {[%emt 0:02:12]} Kf8 {[%emt 0:01:24]} 23. h6 {[%emt 0:02:09]} Ng6 {[%emt 0:04:25]} 24. h5 {[%emt 0:02:17]} Nh8 {[%emt 0:00:35]} 25. Qg7+ {[%emt 0:01:04]} Ke7 {[%emt 0:02:56]} 26. Bg5+ {[%emt 0:00:50]} Kd6 {[%emt 0:00:25]} 27. Bf4+ {[%emt 0:05:56]} e5 {[%emt 0:01:19]} 28. Bxe5+ {[%emt 0:01:16]} Nxe5 {[%emt 0:00:11]} 29. Qf6+ {[%emt 0:01:47]} Kd7 {[%emt 0:01:14]} 30. Bh3+ {[%emt 0:00:34]} 1-0